| 000 | 00000nam##2200000za#4500 |
| 001 | 9.625765 |
| 003 | CaOODSP |
| 005 | 20200421163417 |
| 007 | ta |
| 008 | 150406|2001||||xxc||||| f|0| 0 fre|d |
| 040 | |aCaOODSP|bfre |
| 043 | |an-cn--- |
| 086 | 1 |aNH18-22/101-104F |
| 110 | 2 |aSociété canadienne d'hypothèques et de logement. |
| 245 | 10|aSuivi de la performance d'un SIFE installé en rattrapage sur une tour d'habitation de 15 étages |
| 260 | |aOttawa - Ontario : |bSociété canadienne d'hypothèques et de logement |c2001. |
| 300 | |a4p. : |bfigure ; |c28 cm. |
| 490 | 1 |aLe point en recherche. Série technique |v01-104 |
| 563 | |aDépliant |
| 590 | |a01-34|b2001-08-24 |
| 691 | 07|aIndustrie de la construction|2gcpds |
| 775 | 08|tMonitoring the performance of an EIFS retrofit on a 15-storey apartment building |w(CaOODSP)9.615743 |
| 776 | 0#|tSuivi de la performance d'un SIFE installé en rattrapage sur une tour d'habitation de 15 étages |w(CaOODSP)9.602673 |
| 830 | #0|aLe point en recherche. Série technique ;|v01-104|w(CaOODSP)9.513179 |
| 986 | |aLNH 61170 |